Регионална библиотека "Любен Каравелов" - Русе

The poetical works (Запис номер 343243)

MARC детайли
000 -Лидер
Контролно поле с фиксирана дължина 00873nam a2200277 c 4500
003 - Код на организацията, давaща контролен номер
Контролно поле BLK
005 - Дата и час на последна редакция
Контролно поле 20190913121221.0
008 - Елементи от данни с фиксирана дължина
fixed length control field 180911b bul|||||r ||||||| ||bul||
010 ## - Наследен системен номер
LC control number 002904
040 ## - Източник на каталожния запис
Идентификатор на билиотеката - собственик на записа BLK
041 ## - Код за език
Код за езика на текст/звукозапис или на отделно заглавие Английски
080 ## - УДК
УДК - код + определител 820-1
100 1# - Редна дума - Автор
Автор BROWNING, Elizabet
Авторска отговорност първи автор
245 00 - Сведения за заглавието
Заглавие The poetical works
246 ## - Различни форми на заглавието
Наименование на поредна част от произведението лирика-стихотворения
260 ## - Област на издателските данни
Място на издаване, разпространение и проч. London et al.
Име на издателя, разпространителя и проч. Collins
Година на издаване s.a
300 ## - Физическа характеристика
Страници 474, 6 с., 1 л
Илюстрации и др. портр.
Размери/Мащаб 16 см
380 ## - Жанр
Жанр Литературознание
490 ## - СЕРИИ (Колекции)
Име на серия Частна колекция - Академик Михаил Арнаудов
Бележки за серията Дарение - Основен фонд
653 ## - Ключова дума – ненормативна
9 (RLIN)
Ключова дума лирика
653 ## - Ключова дума – ненормативна
9 (RLIN)
Ключова дума стихотворения
655 ## - Ключова дума – жанр/разновидност
Данни за жанр/разновидност или ключова дума за фокус английска литература
700 1# - Други автори (авторска отговорност)
Лично име Elisabeth Barrett Browing
852 ## - Местоположение
Форматна сигнатура МА 972
942 ## - АРТИКУЛИ
Вид на библиотечния материал Книги
Скрит в OPAC Не
944 ## - СЪЗДАВАНЕ И РЕДАКЦИЯ на ЗАПИСА
Създаване/Редакция Създаване
Дата на регистрацията/редакция 1996
Служител, извършил регистрацията/редакцията ValK
999 ## - СИСТЕМНИ КОНТРОЛНИ НОМЕРА
Koha biblionumber 343243
Koha biblioitemnumber 343243
Наличности
Код за отписване Код за изгубен артикул Източник на класификационната схема Код за повреда Коз за рестрикции Код за отдаване Артикулен № Име на библиотеката - собственик Име на библиотеката, в която се намира в момента Статус (Текущо местоположение) Местоположение - отдел Цена в лева Номерация (Хронология) Инвентарен номер Систематично азбучна сигнатура Баркод Номер на екземпляра Цена в евро Служебен тип на артикула
  Не е изгубен Universal Decimal Classification Не е повреден без рестрикции Специални фондове ( старопечатни, редки и ценни, фонд М. Арнаудов) 743421 Регионална библиотека "Любен Каравелов" Русе Регионална библиотека "Любен Каравелов" Русе Фонд "Михаил Арнаудов" Фонд "Михаил Арнаудов" 50.00   588381 МА 972 120000588381 1 25.56 Книги
Vip Innovations Ltd, Rousse, Bulgaria 2025